| 000 | 00487nam a22001577a 4500 | ||
|---|---|---|---|
| 999 |
_c9229 _d9229 |
||
| 008 | 210330b ||||| |||| 00| 0 eng d | ||
| 040 | _aBMS College of Architectue | ||
| 100 | _aB, Sreenivas | ||
| 245 | _aSuperspeciality Hospital at K R purm Bangalore | ||
| 300 | _aNA | ||
| 500 | _a1BM02AT030 | ||
| 502 |
_8B.Arch _NBMS College of Architecture, Visvesvaraya Technological University _aProject report _d2006 |
||
| 650 | _aK R Purm | ||
| 700 |
_aRajan Sridhar _eGuide |
||
| 942 |
_2ddc _cTHE |
||